000 00327nam a2200121Ia 4500
008 180309s9999 xx 000 0 und d
020 _a9780671795559
100 _aMcNaught, Judith
245 _aJudith McNaught remember when /
260 _aUSA :
_b1996
_cEagle Syndication
300 _a418 pages
650 _aTexas -- Fiction
999 _c356134
_d356134